|
|
|
|
| LEADER |
00000nab a2200000 a 4500 |
| 001 |
vtls010711956 |
| 003 |
SK-MaSNL |
| 005 |
20260304190012.0 |
| 008 |
250709s2010 xo |||||||||||||||||slo| |
| 035 |
|
|
|a (urnnbn)urn:nbn:sk:snk:ar-a0477e
|
| 035 |
|
|
|a (uuid)cdc2c954-aa96-4a1a-96cc-8da604be6d6e
|
| 035 |
|
|
|a urn:nbn:sk:snk-ab3ezv
|
| 040 |
|
|
|a SNKBUCL
|b slo
|c SNKBUCL
|e AACR2
|
| 041 |
0 |
|
|a slo
|
| 044 |
|
|
|a xo
|c SK
|
| 100 |
1 |
|
|a Jirásková, Soňa
|4 aut
|9 723383
|
| 245 |
1 |
0 |
|a Využitie outsourcingu vo verejnom sektore
|c Soňa Jirásková, Jan Váňa
|
| 700 |
1 |
|
|a Váňa, Jan
|4 aut
|9 39345
|
| 773 |
0 |
|
|t Policajná teória a prax : časopis Akadémie Policajného zboru pre policajnú teóriu a prax
|g Roč. 18, č. 2 (2010), s. 118-129
|
| 850 |
|
|
|a Slovenská národná knižnica
|
| 852 |
|
|
|a Slovenská národná knižnica
|
| 954 |
|
|
|a odborná, vedecká literatúra pôvodná (slovenská)
|2 lita
|
| 958 |
|
|
|a article1
|
| 958 |
|
|
|a OND
|
| 958 |
|
|
|a EUIPO
|
| 999 |
|
|
|c 3047721
|d 3049651
|